Historical Figures by A/S/L Quiz Stats

 Plays Quiz Updated Mar 18, 2019

Score 0/38 Timer 10:00
0 Plays Today
% Correct
Mao Zedong
82.7%
Benjamin Franklin
79.3%
Che Guevara
79.2%
Joan of Arc
78.2%
Erik the Red
77.1%
Eva Perón
76.7%
Catherine the Great
76%
Ruhollah Khomeini
74.3%
Wolfgang Amadeus Mozart
73.6%
Victoria
73.2%
Booker T. Washington
72.7%
Elizabeth I
72.3%
Marie Antoinette
72.3%
Henry VIII
69%
Cleopatra
67.7%
Malcolm X
66.4%
Christopher Columbus
65.3%
John Adams
64.8%
Sakamoto Ryōma
64.5%
% Correct
Aristotle
64.5%
Augusto Pinochet
62.8%
Leonardo Da Vinci
61%
José de San Martín
59.9%
Albrecht Dürer
59.8%
Alexander the Great
54.8%
Hannibal Barca
53.5%
Julius Caesar
49.5%
Hatshepsut
48.9%
Mehmed the Conqueror
48.7%
Mata Hari
43.8%
Vincent Van Gogh
43.3%
Oda Nobunaga
43.2%
Augustus
42.3%
Napoleon Bonaparte
40.5%
Caligula
39.1%
Jawaharlal Nehru
39.1%
Toussaint Louverture
38%
Mohandas Gandhi
35.2%

You're not logged in!

Compare scores with friends on all Sporcle quizzes.
OR
Log In

Show Comments

Extras

Top Quizzes Today


Score Distribution

Your Account Isn't Verified!

In order to create a playlist on Sporcle, you need to verify the email address you used during registration. Go to your Sporcle Settings to finish the process.

Report this User

Report this user for behavior that violates our Community Guidelines.

Details: